000 00398pab a2200169 454500
008 180718b2004 xxu||||| |||| 00| 0 eng d
100 _aMishra, Girish
245 _aBudget in the time of globalisation
260 _c2004
300 _ap.4-6.
362 _a17 Jul
650 _aGlobalization - India
650 _aBudget - India
650 _aBudget
773 _aMainstream
909 _a61632
999 _c61632
_d61632